000 00405 a2200157 4500
020 _a0072528125
022 _a9780072528121
082 _a658.15'11
100 _aGarrison,Ray H.
_9112554
245 _aManagerial Accounting.
_cRay H.Garrison.
250 _a10th.
260 _aNew York.
_bMcGraw-Hill Irwin.
_c2003.
300 _a838p.
500 _aHard Cover.
942 _aNBS
_cBK
_k658.15'11 GAR
_2ddc
999 _c348617
_d348617